000 00236nam a2200097Ia 4500
005 20251222154338.0
008 251222s9999||||xx |||||||||||||| ||spa||
082 _aREF.030/C96/T.14
245 0 _aEnciclopedia ilustrada cumbre
942 _cLIB
999 _c34400
_d34400